000 00645nam a2200205 i 4500
001 44461
003 ES-MaACL
005 20251003170627.0
007 t|
008 030321s1892 fr ||||1| fre d
100 1 _aClément, Pierre.
_939186
245 1 0 _aHistoire de Colbert et sou administration /
_cpar Pierre Clément ; precedee amé preface par M.A. Geffroy.
250 _a3eme ed.
260 _a[S.l. :
_bs.n.,
_c1892] (
_eLagny :
_fE. Colin)
300 _a2 v. ;
_c19 cm.
600 1 4 _aColbert, Jean-Baptiste.
_9155916
700 1 _aGeffroy, Auguste,
_d1820-1895
_9127273
852 _aES-MaACL
_jF-2994-95
999 _c44461
_d44461